00618 2200169 4500245006300000020002200063250001200085100001400097650002000111005001900131260004200150041001400192084000800206300002300214500020200237336000900439 aDaun yang Jatuh Tak Pernah Membenci AngincTere LiyehText a978-602-03-3160-7 aCet. 25 aTere Liye aNovel Indonesia a20231010110019 aJakartabGramedia Pustaka Utamac2016 aIndonesia a813 a264 hlm. :c20 cm. adia bagai malaikat bagi keluaraga kami.merengkuh aku,adikku,dan ibu dari kehidupan jalanan yang miskin dan nestapa. Memberikan makan, tampat berteduh, sekolah, dan janji masa depan yang lebih baik. atext